000 00459nam a2200181Ia 4500
005 20240823043311.0
008 240823s9999||||xx |||||||||||||| ||und||
041 _aENGLISH
082 _A658.001
100 _a"Northcote,Parkinson C"
245 0 _aPETER DRUCKER:ACriticalCommentary on his Philosophy of Management
250 _a1st
260 _b"IBH,B"
500 _aYES
650 _aManagement
_bManagement Studies
942 _cBK
999 _c209910
_d209910